000 00355nam a22001097a 4500
040 _cRUA
082 _aFAO SIN 2013 C217 Or.
245 _aបច្ចេកទេសបង្កើនផលិតកម្មទាកាប៉ាលក្ខណៈគ្រួសារ
260 _aphnom penh
_brua
_c2013
300 _aiii.47p.
_bill.
_c29cm.
942 _cREC
999 _c22548
_d22548